| 000 | 00412nam a2200145 a 4500 | ||
|---|---|---|---|
| 001 | 000031969 | ||
| 005 | 20200930063324.0 | ||
| 008 | 110707s19uu dr d 000 0 spa d | ||
| 040 |
_aDO-SdBNP _bspa _cBNPHU |
||
| 082 |
_axxxx _bB279q |
||
| 100 | 1 |
_aBarry, Richard _958136 |
|
| 245 | 1 | 3 |
_aLo que no supo Colón acerca de Santo Domingo / _cRichard Barry. |
| 260 |
_a[Santo Domingo : _bs.n., _c19--?]. |
||
| 049 | _aBNPD | ||
| 999 |
_c31460 _d31460 |
||